000 00356nam a2200157Ia 4500
003 OSt
005 20240123115820.0
008 170524s9999 xx 000 0 und d
020 _a 9789354972256.
040 _cIIMT UNIVERSITY
100 _aRAMAN MEENAKSHI
245 0 _aTECHNICAL COMMUNICATION
260 _bOxford
260 _c2009
942 _2ddc
_c02
999 _c5704
_d5704